Дело магазинной воровки; Дело воющей собаки; История куклы-непоседы: пер. с англ.

Dettagli Bibliografici
Autore principale: Гарднер Э. С. Эрл Стенли
Riassunto:Исключено из фонда НТБ ТПУ
Lingua:russo
Pubblicazione: Москва, ОЛМА-пресс, 1993
Serie:Откройте, полиция!
Natura: MixedMaterials Libro
KOHA link:https://koha.lib.tpu.ru/cgi-bin/koha/opac-detail.pl?biblionumber=157971

MARC

LEADER 00000nam0a2200000 4500
001 157971
005 20231031154102.0
010 |a 5873270271 
020 |a RU  |b 93-20103 
035 |a (RuTPU)RU\TPU\book\171350 
090 |a 157971 
100 |a 20090416d1993 m y0rusy5003 ca 
101 1 |a rus  |c eng 
102 |a RU 
105 |a a z 000ay 
200 1 |a Дело магазинной воровки; Дело воющей собаки; История куклы-непоседы  |e пер. с англ.  |f Э. С. Гарднер 
210 |a Москва  |c ОЛМА-пресс  |d 1993 
215 |a 448 с.  |c ил.  |d 21 см 
225 1 |a Откройте, полиция! 
333 |a Исключено из фонда НТБ ТПУ 
700 1 |a Гарднер  |b Э. С.  |g Эрл Стенли  |4 070 
801 0 |a RU  |b RuMRKP  |c 19950413  |g psbo 
801 1 |a RU  |b 63413507  |c 20090416  |g PSBO 
801 2 |a RU  |b 63413507  |c 20120412  |g PSBO 
942 |c BK